When it hits the fan : Managing the nine crisis of business

Gorde:
Xehetasun bibliografikoak
Egile nagusia: Meyers, Gerald C.
Formatua: Liburua
Hizkuntza:Undetermined
Argitaratua: Boston Houghton Mifflin Company 1986
Gaiak:
Etiketak: Etiketa erantsi
Etiketarik gabe, Izan zaitez lehena erregistro honi etiketa jartzen!
Thư viện lưu trữ: Trung tâm Học liệu Trường Đại học Cần Thơ
LEADER 00541nam a2200193Ia 4500
001 CTU_86658
008 210402s9999 xx 000 0 und d
082 |a 358.4 
082 |b M612 
100 |a Meyers, Gerald C. 
245 0 |a When it hits the fan : 
245 0 |b Managing the nine crisis of business 
245 0 |c Gerald C. Meyers, John Holusha 
260 |a Boston 
260 |b Houghton Mifflin Company 
260 |c 1986 
650 |a Crisis management 
904 |i Năm 
980 |a Trung tâm Học liệu Trường Đại học Cần Thơ